000 00755nam a2200289Ia 4500
005 20260324112434.0
008 008 260324s9999 xx 000 0 eng d
020 _a9781003460558
037 _aEBOOK
040 _aCRL
040 _beng
040 _cCRL
041 _2eng
041 _aeng
084 _qCRL
100 _aYvonne van Zaalen; Isabella Reichel
_91142696
245 3 _aAn Introduction to Cluttering
245 2 _bA Practical Guide for Speech-Language Pathology Students, Clinicians, and Researchers
260 _bTaylor and Francis
260 _c2024
365 _a
365 _b220
856 _uhttp://www.taylorfrancis.com/books/9781003460558
942 _cEBOOK
999 _c1731903
_d1731903